Library Banner

Rah e haq per qadam ba qadam/ (Record no. 102915)

MARC details
000 -LEADER
fixed length control field 00416nam a22001457a 4500
005 - DATE AND TIME OF LATEST TRANSACTION
control field 20180209095038.0
008 - FIXED-LENGTH DATA ELEMENTS--GENERAL INFORMATION
fixed length control field 180209b xxu||||| |||| 00| 0 eng d
040 ## - CATALOGING SOURCE
Transcribing agency PK-LaUMT
082 ## - DEWEY DECIMAL CLASSIFICATION NUMBER
Classification number PKAC 297.74
Item number YAS-R
100 ## - MAIN ENTRY--PERSONAL NAME
Personal name Yasmeen Hameed
245 ## - TITLE STATEMENT
Title Rah e haq per qadam ba qadam/
Statement of responsibility, etc Yasmeen Hameed
260 ## - PUBLICATION, DISTRIBUTION, ETC. (IMPRINT)
Name of publisher, distributor, etc تحریک اسلامی پاکستان حلقئہ خواتین
Date of publication, distribution, etc 2006
300 ## - PHYSICAL DESCRIPTION
Extent 228
942 ## - ADDED ENTRY ELEMENTS (KOHA)
Koha item type Books
Holdings
Withdrawn status Lost status Damaged status Home library Current library Date acquired Full call number Barcode Date last seen Price effective from Koha item type
      UMT Main Campus UMT Main Campus 2018-02-09 PKAC 297.74 YAS-R 118973 2018-02-09 2018-02-09 Books